| 000 | 00742nam a2200181Ia 4500 | ||
|---|---|---|---|
| 008 | 151018s9999 xx 000 0 und d | ||
| 082 |
_bRBASDV34070 _a891.461 |
||
| 100 | _aनामदेव लक्ष्मन ढसाळ | ||
| 245 | _aमुख म्हाताऱ्याने डोंगर हलवले | ||
| 250 | _b1 | ||
| 260 |
_bमागोवा _c1975 |
||
| 300 | _a6 | ||
| 600 | _aनामदेव लक्ष्मन ढसाळ | ||
| 630 | _aमुख म्हाताऱ्याने डोंगर हलवले | ||
| 700 | _aनामदेव लक्ष्मन ढसाळ | ||
| 730 | _aमुख म्हाताऱ्याने डोंगर हलवले | ||
| 942 | _cBOOK | ||
| 999 |
_c1033562 _d1033559 |
||